000 00973cam a2200265 a 4500
001 000018850
005 20200929165852.0
008 771205s1990 cu b f000 j spa d
040 _aDO-SdBNP
_bspa
_cDLC
_dBNPHU
082 _aCu863.44
_bC965c
245 0 0 _aCuentos cubanos del siglo XX /
_cselección y notas, Corina Hernández Novo ... [et al.] ; edición Laura Prieto Ruiz.
260 _aLa Habana, Cuba :
_bMinisterio de Educación,
_bPueblo y Educación,
_c1990.
300 _a107 p. ;
_c21 cm.
650 4 _aCuentos cubanos
_91482
650 4 _aCuentos cubanos
_ySIGLO XX
_940612
650 4 _aLiteratura cubana
_91483
700 1 _aHernández Novo, Corina
_940613
700 1 _aRivero Casteleiro, Delia E.
_940614
700 1 _aOleaga Pérez, Armando
_940615
700 1 _aRojo Giraldo, María Antonia
_940616
700 1 _aBatista Ramírez, MartHA
_940617
700 1 _aPrieto Ruiz, Laura
_eed.
_940618
910 _aCatalogación derivada / LC
049 _aBNGR
999 _c18370
_d18370